| 000 -LEADER |
| fixed length control field |
00976nam a2200181 4500 |
| 005 - DATE AND TIME OF LATEST TRANSACTION |
| control field |
20231024170730.0 |
| 008 - FIXED-LENGTH DATA ELEMENTS--GENERAL INFORMATION |
| fixed length control field |
231024s1994 ru ||||| |||| 00| 0 rus d |
| 020 ## - INTERNATIONAL STANDARD BOOK NUMBER |
| International Standard Book Number |
5734900214 |
| 080 ## - UNIVERSAL DECIMAL CLASSIFICATION NUMBER |
| Universal Decimal Classification number |
94(=411.16)(093) Ф-55 |
| 100 ## - MAIN ENTRY--PERSONAL NAME |
| Personal name |
Филон, Александрийский |
| 9 (RLIN) |
20205 |
| 245 ## - TITLE STATEMENT |
| Title |
Против Флакка. О посольстве к Гаю. О древности еврейского народа. Против Апиона. Жизнь Иосифа Флавия |
| Statement of responsibility, etc. |
Филон Александрийский, Иосиф Флавий. |
| 264 ## - PRODUCTION, PUBLICATION, DISTRIBUTION, MANUFACTURE, AND COPYRIGHT NOTICE |
| Place of production, publication, distribution, manufacture |
Москва, |
| Name of producer, publisher, distributor, manufacturer |
Иерусалим, |
| Date of production, publication, distribution, manufacture, or copyright notice |
1994. |
| 300 ## - PHYSICAL DESCRIPTION |
| Extent |
178 стр.; |
| Other physical details |
22 см. |
| 653 ## - INDEX TERM--UNCONTROLLED |
| keyword |
ფლაკუსის წინააღმდეგ გაიუსის საელჩოს შესახებ. |
| 653 ## - INDEX TERM--UNCONTROLLED |
| keyword |
ებრაელი ხალხის სიძველის შესახებ |
| 700 ## - ADDED ENTRY--PERSONAL NAME |
| Personal name |
Флавий, Иосиф |
| Relator term |
ავტორრი |
| 9 (RLIN) |
20206 |
| 942 ## - ADDED ENTRY ELEMENTS (KOHA) |
| Source of classification or shelving scheme |
|
| Koha item type |
წიგნი |